| 000 | 00947nam a22002658a 4500 | ||
|---|---|---|---|
| 005 | 20081024151836.0 | ||
| 008 | 080626s2008 cau 000 0 eng | ||
| 010 | _aENG-91772 | ||
| 020 |
_a9780070669093 _c225.00 |
||
| 020 |
_a0070669090 _c225.00 |
||
| 035 | _aEN-75305 | ||
| 037 | _bDBAD / PUb | ||
| 040 |
_adpl _bEnglish |
||
| 082 | _a005.133 | ||
| 100 | _aBalagurusamy, E. | ||
| 245 |
_aComputing fundamentals and C programming / _cby E. Balagurusamy |
||
| 260 |
_aNew Delhi _bTata McGraw-Hill Publishing _c2008. |
||
| 300 |
_axii, 508p. _c25cm (pbk) |
||
| 500 | _aIncludes index | ||
| 650 | _aComputer fundamentals | ||
| 650 | _aC (Computer program language) | ||
| 650 | _aComputer programming | ||
| 942 |
_2ddc _cEN _mBAL _h005.133 |
||
| 999 |
_c19016 _d19016 |
||